00555cam a22001813a 450000100060000000300060000600500170001200800410002904000150007004200070008510000480009224500830014026000290022350600300025251600200028283000290030285600420033139873PGUSA20140828083904.0120531s2012||||xxu|||||s|||||000 | eng d aPGUSAbeng adc1 aAllies, T. W.q(Thomas William),d1813-190314aThe Formation of Christendom, Volume IIh[electronic resource] /cT. W. Allies bProject Gutenberg,c2012 aPublic domain in the USA. aElectronic text 0aProject Gutenbergv3987340uhttp://www.gutenberg.org/ebooks/39873